000 01941nam0a2200349 4500
001 RU\NLR\BIBL_A\011981863
005 20190430114543.0
010 _a978-5-906482-49-5
_945
021 _aRU
_bКН-П-19-017443
_9КН-П-19-1310
035 _a(NLR Aleph) 011981863
035 _a(RuMoRGB)009917723
090 _a11312122
_c11312122
100 _a20190405d2019 u y0rusy50 ca
101 0 _arus
_deng
102 _aRU
105 _aa|||z|||100yy
200 1 _aSmart-менеджмент
_eматериалы первой студенческой научно-практической конференции
_fВысшая школа экономики, национальный исследовательский университет, Пермский филиал
_g[редакционная коллегия: Исопескуль О. Ю. и др.]
210 _aПермь
_cРедакционно-издательский отдел НИУ ВШЭ - Пермь
_d2019
215 _a115, [1] с.
_cил.
_d20
300 _aРез. ст. на англ. яз.
320 _aБиблиогр. в конце ст.
606 1 _aПредпринимательство
_xУправление
_2nlr_sh1
_2nlr_sh2
_3RU\NLR\AUTH\661331537
686 1 _aУ5-13-21я431
702 1 _aИсопескуль
_bО. Ю.
_gОльга Юрьевна
_4340
711 1 2 _a"Smart-менеджмент", студенческая научно-практическая конференция
_d1
_f2018
_eПермь
_3RU\NLR\AUTH\880499099
712 0 2 _a"Высшая школа экономики", национальный исследовательский университет
_cМосква
_bПермский филиал
_3RU\NLR\AUTH\8810190409
942 _cBOOK
980 _aNBR
980 _aNB